Monumento y tesoro de la lengua ibérica / (Record no. 193585)

MARC details
000 -LEADER
campo de control de longitud fija 01346cam a2200337 i 4500
001 - NÚMERO DE CONTROL
campo de control 193585
003 - IDENTIFICADOR DE NÚMERO DE CONTROL
campo de control SpMaBN
005 - FECHA Y HORA DE LA ÚLTIMA TRANSACCIÓN
campo de control 20240125092835.0
007 - CAMPO FIJO DE DESCRIPCIÓN FÍSICA--INFORMACIÓN GENERAL
campo de control de longitud fija ta
008 - DATOS DE LONGITUD FIJA--INFORMACIÓN GENERAL
campo de control de longitud fija 240117s1922 sp spa
016 7# - NÚMERO DE CONTROL DE UNA AGENCIA BIBLIOGRÁFICA NACIONAL
Número de control del registro bimoBNE19981122972
Fuente SpMaBN
035 ## - NÚMERO DE CONTROL DEL SISTEMA
Número de control de sistema IND9100301520
035 ## - NÚMERO DE CONTROL DEL SISTEMA
Número de control de sistema (OCoLC)431531280
035 ## - NÚMERO DE CONTROL DEL SISTEMA
Número de control de sistema bimo0000868564
035 ## - NÚMERO DE CONTROL DEL SISTEMA
Número de control de sistema CCPB000661270-9
040 ## - FUENTE DE CATALOGACIÓN
Centro catalogador/agencia de origen SpMaBN
Lengua de catalogación spa
Centro/agencia transcriptor A2
Centro/agencia modificador ES-MaACL
080 ## - NÚMERO DE LA CLASIFICACIÓN DECIMAL UNIVERSAL
Número de la Clasificación Decimal Universal 809.169(04)
100 1# - ENTRADA PRINCIPAL--NOMBRE DE PERSONA
Nombre de persona Fernández Amador de los Ríos, Juan,
Fechas asociadas al nombre 1874-aproximadamente 1943
Número de control del registro de autoridad o número normalizado XX1269377
Término indicativo de función/relación Autor
9 (RLIN) 147827
245 10 - MENCIÓN DEL TÍTULO
Título Monumento y tesoro de la lengua ibérica /
Mención de responsabilidad, etc. por D. Juan Fernández Amador de los Ríos ...
260 ## - PUBLICACIÓN, DISTRIBUCIÓN, ETC.
Lugar de publicación, distribución, etc. Zaragoza :
Nombre del editor, distribuidor, etc. [s.n.],
Fecha de publicación, distribución, etc. 1922
Lugar de fabricación/manufactura (Tipografía "La Académica" de Federico Martínez)
300 ## - DESCRIPCIÓN FÍSICA
Extensión 660 páginas, 2 hojas ;
Dimensiones 32 cm
336 ## - TIPO DE CONTENIDO
Fuente rdacontent
Término de tipo de contenido Texto
337 ## - TIPO DE MEDIO
Fuente rdamedia
Nombre/término del tipo de medio sin mediación
338 ## - TIPO DE SOPORTE
Fuente rdacarrier
Nombre/término del tipo de soporte volumen
510 #4 - NOTA DE CITAS O REFERENCIAS BIBLIOGRÁFICAS
Nombre de la fuente CCPB,
Localización dentro de la fuente 000661270-9
650 #7 - PUNTO DE ACCESO ADICIONAL DE MATERIA--TÉRMINO DE MATERIA
Término de materia o nombre geográfico como elemento de entrada Lengua íbera
9 (RLIN) 147826
852 ## - LOCALIZACIÓN
Ubicación ES-MaACL
itemnumber 65003
Sublocalización o colección R.M.11
-- R.4657
Número de control de estantería D-11
Ubicación en estantería Sala Valle Inclán
Encuadernación Encuadernación holandesa, lomo reforzado en piel.
Marcas de propiedad Sello en tinta en portada: "Ateneo de Madrid. Biblioteca. 30 OCT 1924"
Anotaciones manuscritas Anotación manuscrita en portada: "100"
942 ## - ELEMENTOS DE ENTRADA SECUNDARIOS (KOHA)
Suprimir en OPAC No
Tipo de ítem Koha Libro impreso
Holdings
Estatus retirado Estado de pérdida Fuente del sistema de clasificación o colocación Estado de daño No para préstamo Biblioteca de origen Biblioteca actual Ubicación en estantería Fecha de adquisición Fuente de adquisición Número de inventario Total de préstamos Signatura topográfica completa Código de barras Visto por última vez Precio de reemplazo Tipo de ítem Koha Nota pública
    Clasificación decimal universal     Biblioteca del Ateneo de Madrid Biblioteca del Ateneo de Madrid Sala Valle Inclán 17/01/2008 Compra R.M.11   D-11 901065658 23/02/2023 23/02/2023 Libro impreso D-11.-- R.4657. -- Encuadernación holandesa, lomo reforzado en piel. -- Sello en tinta en portada: "Ateneo de Madrid. Biblioteca. 30 OCT 1924".-- Anotación manuscrita en portada: "100".